Malu Bukan Kepalang

Bibliographic Details
Main Author: Syed Mahadzir
Format: Book
Published: Selangor : Cooray's House Of Publication Sdn Bhd
Series:Siri Hentikan Buli

MARC

LEADER 00000cam a2200000 7i4500
001 0000047065
005 20150413.0
008 150413
020 |a 9789832852988 
020 |a 9832852986 
090 0 0 |a MOR   |b MAL 
100 0 |a Syed Mahadzir 
245 1 0 |a Malu Bukan Kepalang   |c Syed Mahadzir 
260 |a Selangor :   |b Cooray's House Of Publication Sdn Bhd 
490 0 |a Siri Hentikan Buli 
999 |a 0001042890   |b Book   |c Children Collection   |e Cawangan Bandar Penawar 
999 |a 0001042891   |b Book   |c Teenagers   |e Cawangan Bandar Tenggara 
999 |a 0001049928   |b Book   |c Children Collection   |e Cawangan Taman Universiti 
999 |a 0001052085   |b Book   |c Children Collection   |e Cawangan Taman Universiti 
999 |a 0001052086   |b Book   |c Children Collection   |e Cawangan Mersing 
999 |a 0001052088   |b Book   |c Children Collection   |e Cawangan Taman Sri Lambak 
999 |a 0001052089   |b Book   |c Children Collection   |e Cawangan Kota Tinggi 
999 |a 0001052854   |b Book   |c Teenagers   |e Cawangan Bandar Tenggara 
999 |a 0001071043   |b Book   |c Children Collection   |e Cawangan Tmn. Ungku Tun Aminah 
999 |a 0001075530   |b Book   |c Children Collection   |e Cawangan Taman Universiti 
999 |a 0001075593   |b Book   |c Children Collection   |e Cawangan Bandar Penawar 
999 |a 0001075638   |b Book   |c Children Collection   |e Cawangan Tmn. Ungku Tun Aminah 
999 |a 0001075759   |b Book   |c Children Collection   |e Cawangan Bukit Gambir 
999 |a 0001130555   |b Book   |c Children Collection   |e Cawangan Bandar Penawar 
999 |a 0001130618   |b Book   |c Children Collection   |e Cawangan Tangkak 
999 |a 0001138612   |b Book   |c Children Collection   |e Cawangan Mersing 
999 |a 0001138926   |b Book   |c Children Collection   |e Cawangan Bandar Penawar